[Event "Leon"]
[Site "Leon"]
[Date "1994.??.??"]
[Round "7"]
[White "Leko, Peter"]
[Black "Gomez Esteban, Juan Mario"]
[Result "1-0"]
[WhiteElo "2545"]
[BlackElo "2485"]
[Annotator "Franco"]
[PlyCount "127"]
[EventDate "1994.05.??"]
[EventType "tourn"]
[EventRounds "9"]
[EventCountry "ESP"]
[EventCategory "12"]
[SourceTitle "CBM 042"]
[Source "ChessBase"]
[SourceDate "1994.10.01"]
[SourceVersion "1"]
[SourceVersionDate "1994.10.01"]
[SourceQuality "1"]

1. e4 e5 2. Nf3 Nc6 3. d4 exd4 4. Nxd4 Bc5 5. Nb3 Bb6 6. a4 a6 7. Nc3 Nge7 8.
Be2 d6 9. O-O O-O 10. Bg5 f6 11. Bh4 Ne5 12. Nd5 Nxd5 13. Qxd5+ Kh8 14. a5 Ba7
15. Bh5 $6 (15. Rad1 Ng6 16. Bg3 f5 $36) 15... Qe7 16. Qd2 Nc4 17. Qe2 Be6 18.
Nd2 Ne5 19. Bg3 g6 20. Bf3 Rae8 21. Bf4 Bd7 22. Rfe1 Bc6 23. Be3 Bxe3 24. Qxe3
Nxf3+ 25. Qxf3 Qe5 26. Qa3 Qf4 27. Qe3 Qxe3 28. Rxe3 f5 29. Rae1 Re5 30. exf5
Rexf5 $2 (30... Rxe3 31. Rxe3 Rxf5 32. b4 Rd5 $17) 31. f3 Rxa5 32. Re7 Rc8 33.
Nb3 Rd5 34. c3 Kg8 35. Nd4 a5 36. R1e6 $1 {/\ Rf6-f7} Re5 37. Rxe5 dxe5 38.
Rxe5 a4 39. Re7 Bd5 40. Nb5 Bc4 41. Nxc7 Rd8 42. Re8+ (42. Re8+ Rxe8 43. Nxe8
$18) 42... Rxe8 43. Nxe8 Kf8 44. Nd6 Ba6 45. Kf2 Ke7 46. Ne4 b6 47. Ke3 h6 48.
Kd4 Ke6 49. c4 Bb7 50. Nc3 Bc6 51. Nd5 Bxd5 52. cxd5+ Kd6 53. Kc4 g5 54. g3 h5
55. f4 gxf4 56. gxf4 h4 57. Kd4 b5 58. f5 b4 59. f6 a3 60. bxa3 bxa3 61. Kc3 h3
62. Kb3 Kxd5 63. f7 Ke6 64. f8=Q 1-0

[Event "Amsterdam Euwe Memorial"]
[Site "Amsterdam"]
[Date "1994.05.12"]
[Round "1"]
[White "Kasparov, Garry"]
[Black "Ivanchuk, Vassily"]
[Result "1/2-1/2"]
[WhiteElo "2805"]
[BlackElo "2710"]
[Annotator "Ftacnik,L"]
[PlyCount "40"]
[EventDate "1994.05.12"]
[EventType "tourn"]
[EventRounds "6"]
[EventCountry "NED"]
[EventCategory "18"]
[SourceTitle "CBM 041"]
[Source "ChessBase"]
[SourceDate "1994.08.01"]
[SourceVersion "1"]
[SourceVersionDate "1994.08.01"]
[SourceQuality "1"]

1. e4 e5 2. Nf3 Nc6 3. d4 exd4 4. Nxd4 Nf6 5. Nxc6 bxc6 6. e5 Qe7 7. Qe2 Nd5 8.
c4 Ba6 9. b3 g6 10. Ba3 $5 $146 Qg5 (10... Qh4 $1 11. Bxf8 (11. g3 $2 Qd4 12.
Bb2 Bb4+ $19) (11. Qd2 Qe4+ 12. Be2 Bxa3 13. Nxa3 Nf4) (11. e6 $2 fxe6 (11...
Qd4 $2 12. e7 $1 $18) 12. Qb2 (12. Qe5 Qf6 $17) 12... Nf6 $17) 11... Qd4 12.
Bg7 Rg8 13. Qc2 Qxa1 14. cxd5 Bxf1 15. e6 Qxg7 16. exd7+ Kd8 17. Qxc6 $13) 11.
g3 Nc3 (11... Bxa3 12. Nxa3 Nc3 13. h4 $1 $14) 12. Nxc3 Bxa3 13. Ne4 (13. f4
Qe7 14. Bg2 O-O 15. O-O f6) 13... Qe7 (13... Qxe5 $4 14. Nf6+ $18) 14. Nf6+ Kf8
15. Bg2 (15. Bh3 $5 Bb4+ 16. Kf1 d5 17. Kg2 Kg7 18. Rac1 Rad8 19. Rhd1 $14)
15... Bb4+ 16. Kf1 Rd8 17. Qb2 Ba3 18. Qc3 Bb4 19. Qb2 Ba3 20. Qc3 (20. Qd4 Bc5
21. Qf4 Kg7 22. Re1 Bb4 23. Re2 d5 $132) 20... Bb4 1/2-1/2

[Event "RUS-CHN Summit Men 4th"]
[Site "Nizhnij Novgorod"]
[Date "2007.08.27"]
[Round "7"]
[White "Ni, Hua"]
[Black "Inarkiev, Ernesto"]
[Result "1-0"]
[WhiteElo "2681"]
[BlackElo "2663"]
[Annotator "Ftacnik,L"]
[PlyCount "101"]
[EventDate "2007.08.20"]
[EventType "schev"]
[EventRounds "10"]
[EventCountry "RUS"]
[SourceTitle "CBM 120"]
[Source "ChessBase"]
[SourceDate "2007.10.02"]
[SourceVersion "1"]
[SourceVersionDate "2007.10.02"]
[SourceQuality "1"]

1. e4 e5 2. Nf3 Nc6 3. d4 exd4 4. Nxd4 Bc5 5. Nxc6 Qf6 6. Qf3 bxc6 7. Nd2 Qe7 {
With the retreat of the queen Black is aspiring to a more complex fight than
after the typical exchange on f3.} 8. Bd3 Nf6 9. O-O O-O 10. Nb3 Bb6 (10... Bd6
11. Qf5 Re8 12. f3 $14) 11. c4 a5 (11... d6 12. Bd2 (12. c5 dxc5 13. Bg5 Rd8
14. Rfd1 Qe5 15. Bxf6 Qxf6 16. Qxf6 gxf6 17. Rac1 Bg4 18. Rd2 Rd6 $13) 12...
Be6 13. Bc3 $14) 12. a4 d6 13. c5 $5 {Ni Hua is testing his luck with the
positionally unpleasant sacrifice of the pawn, but the consequences were not
that clear.} (13. Bd2 Nd7 $13) 13... Be6 $6 (13... Bxc5 14. Nxc5 dxc5 15. Bg5
$16) (13... dxc5 14. Bg5 Rd8 $1 (14... Qe6 15. Nd2 Rd8 16. Nc4 $14) 15. Rfd1 h6
16. Bxf6 Qxf6 17. Qxf6 gxf6 18. Bc4 Be6 19. Rdc1 Rab8 $13) 14. cxb6 Bxb3 15.
bxc7 Qxc7 16. Qg3 Rfe8 (16... Qe7 17. Bg5 Qe6 18. Rfc1 $16) 17. Ra3 Rab8 18.
Bd2 {The solution of the immediate crisis has brought Inarkiev problems, as he
does not have enough counter arguments in the fight against the bishop's pair.}
Nh5 (18... Nxe4 $2 19. Bxe4 Rxe4 20. Rxb3 $18) (18... Be6 19. Bc3 Qd8 20. Qg5
$16) 19. Qh4 Nf6 20. Rc1 c5 $6 {The ambition of creating a wall on the dark
squares will fail, as White will manage to penetrate on the h7 square.} (20...
Re5 21. Bc3 Rh5 22. Qf4 $16) (20... Re6 21. Bc3 (21. Rc3 Bd1 22. f3 Qb6+ 23.
Kh1 d5 $13) 21... Nd7 22. e5 Rh6 (22... g6 23. exd6 Qxd6 24. Qh6 Nf6 25. Bf1
$16) 23. Qe7 Re6 24. exd6 Qxd6 25. Qg5 $16) 21. Bg5 Re6 (21... Nd7 22. Bb5 Be6
23. Rd1 $16) 22. e5 $1 dxe5 (22... Rxe5 23. Bxf6 gxf6 24. Qxh7+ Kf8 25. Bb5 Bd5
26. f4 Re6 27. Rg3 $18) 23. Bxf6 Rxf6 24. Qxh7+ Kf8 25. Bb5 $1 {[%mdl 2048]
The disparity in the impact of the forces for both rivals is dramatic, the
black forces are missing even a semblance of coordination.} Rh6 26. Qe4 Be6 27.
Rac3 Rc8 (27... c4 28. Bxc4 Rb4 29. Qa8+ Rb8 30. Bxe6 $16) (27... f5 28. Qe1 e4
29. h3 $16) 28. Rxc5 Qxc5 29. Rxc5 Rxc5 30. h3 g5 $2 {Two rooks are able to
fight against the enemy queen, but not if they are uncoordinated and unable to
defend their own weaknesses.} (30... Ke7 31. Qa8 $18) (30... Rc8 31. Qe1 Ra8
32. Qxe5 $18) 31. Qe3 Rd5 32. Qxg5 Rg6 33. Qe3 {The misery for Inarkiev has
not ended with the loss of the g pawn, since the weakness on a5 cannot be
saved.} Kg8 (33... Rd1+ 34. Kh2 Bd5 35. f3 Bb7 36. Qc3 Kg8 37. Qxa5 $18) 34.
Kh2 Bc8 35. Qa7 Kg7 36. Bc4 $1 (36. Qxa5 Bb7 37. f3 Bc6 $16) 36... Rd7 (36...
Rgd6 37. Bxd5 Rxd5 38. Qe7 Bf5 39. b4 $18) 37. Qxa5 Bb7 38. g4 {Ni Hua can
afford to play with aplomb, since in a material sense he has 3 extra pawns.} e4
39. Qe5+ Kf8 40. Bb5 (40. b4 $18) 40... Rdd6 41. g5 Kg8 (41... Bc6 42. Bxc6
Rxc6 43. Qxe4 $18) 42. Bc4 Bc6 43. h4 e3 44. Qxe3 Rd1 45. Qe7 Rg7 (45... Rh1+
46. Kg3 Rg1+ 47. Kf4 Rg7 48. Qd8+ Kh7 49. Bd3+ $18) 46. a5 Rd4 47. Qc5 Rxh4+
48. Kg3 Rh6 49. a6 Be4 50. a7 Kh7 51. Qe5 (51. Qe5 Rxg5+ 52. Qxg5 Rg6 53. Qxg6+
fxg6 54. Bf1 $18) 1-0

[Event "Hoogovens-B"]
[Site "Wijk aan Zee"]
[Date "1977.01.15"]
[Round "2"]
[White "Kupreichik, Viktor D"]
[Black "Eslon, Jaan"]
[Result "1-0"]
[WhiteElo "2490"]
[BlackElo "2385"]
[Annotator "Ftacnik,L"]
[PlyCount "85"]
[EventDate "1977.01.14"]
[EventType "tourn"]
[EventRounds "11"]
[EventCountry "NED"]
[EventCategory "7"]
[SourceTitle "MCL"]
[Source "ChessBase"]
[SourceDate "1999.07.01"]
[SourceVersion "1"]
[SourceVersionDate "1999.07.01"]
[SourceQuality "1"]

1. e4 e5 2. Nf3 Nc6 3. d4 exd4 4. Nxd4 Bc5 5. Nb3 Bb6 6. Nc3 Qf6 7. Qe2 Nge7 8.
Be3 O-O 9. O-O-O d6 10. h4 Bd7 11. f3 Bxe3+ 12. Qxe3 a5 13. g4 a4 14. g5 Qe6
15. Nd2 (15. Bh3 $2 f5 $1) 15... d5 16. Bh3 f5 (16... Qd6 17. Nb5) 17. gxf6
Qxf6 18. exd5 (18. Bxd7 d4) 18... Bxh3 19. Rxh3 Nf5 20. Qg5 Ne5 21. Qxf6 Rxf6
22. Re1 Ng6 23. Re4 $1 Nd6 24. Rg4 a3 $6 25. b3 Ne5 26. Rg5 Re8 27. h5 h6 28.
Rg2 Ref8 29. Nce4 Rf4 (29... Nxe4 30. fxe4 $17) 30. Nc5 $1 R4f7 31. Ne6 Re8 32.
Re2 Nd7 33. Ne4 Nxe4 34. fxe4 Ne5 35. Rc3 Ree7 36. b4 Rf1+ 37. Kd2 Rh1 38. Ke3
Rxh5 39. Kd4 c6 40. Rxa3 cxd5 41. exd5 Nd7 42. Ra8+ Kf7 43. Rf2+ 1-0

[Event "Candidates final"]
[Site "Elista"]
[Date "2007.06.13"]
[Round "2.7"]
[White "Rublevsky, Sergei"]
[Black "Grischuk, Alexander"]
[Result "0-1"]
[WhiteElo "2680"]
[BlackElo "2717"]
[Annotator "Ftacnik,L"]
[PlyCount "78"]
[EventDate "2007.06.06"]
[EventType "k.o."]
[EventRounds "6"]
[EventCountry "RUS"]
[SourceTitle "CBM 119"]
[Source "ChessBase"]
[SourceDate "2007.08.01"]
[SourceVersion "1"]
[SourceVersionDate "2007.08.01"]
[SourceQuality "1"]

1. e4 {Marin} e5 2. Nf3 Nc6 3. d4 exd4 4. Nxd4 Bc5 5. Nxc6 Qf6 6. Qf3 bxc6 7.
Qg3 h5 8. h4 Nh6 9. f3 d5 10. Nc3 Bd4 {Rublevsky tested this line five times
in their Elista match and in the end won only once, while losing two games.}
11. Bd2 Rb8 12. O-O-O Be5 13. f4 {Marin: 'A new step in the theoretical
dispute initiated by the 4th game of the match.'} (13. Qg5 Qd6 14. exd5 O-O 15.
Bc4 cxd5 16. Bxd5 Qxd5 17. Nxd5 Bxb2+ 18. Kb1 Bc3+ 19. Kc1 Bb2+ 20. Kb1 Bc3+ {
1/2 Rublevsky,S (2680)-Grischuk,A (2717)/Elista 2007/}) 13... Bd4 14. Qd3 (14.
e5 Nf5 15. Qf3 Qg6 16. Bd3 O-O $11) 14... Bg4 (14... dxe4 15. Qxe4+ Kf8 16. Be3
Bxe3+ 17. Qxe3 g6 $14) 15. e5 Bxc3 $1 16. Qxc3 {White feels obliged in the 7th
game to avoid the cheap draw by repetition after taking the queen. That was
the case in the 6th match game in a very similar position.} ({We are familiar
already with this kind of pseudo queen sacrifice. In case of} 16. exf6 {Marin}
Bxb2+ 17. Kb1 Bxf6+ 18. Kc1 Bb2+ 19. Kb1 {Black can force an immediate draw or
play on with} Bxd1 $5) 16... Qe6 17. Re1 O-O 18. Be3 (18. Qa5 d4 19. b3 Qe7 20.
Bd3 Nf5 $11) 18... Rfd8 (18... Nf5 19. Bxa7 Ra8 20. Bc5 Rfd8 21. a3 d4 22. Qc4
Qh6 $11) 19. Qc5 ({Marin: White needs to block the c6-pawn by physical means
in order to prepare Ba6. The careless} 19. Ba6 $2 {would unexpectedely lose to}
d4 $1 20. Bxd4 c5 $3 {After 20...c5!! White loses a bishop, for instance} ({
But not} 20... Qxa2 {because of} 21. Bc4 Qa1+ 22. Kd2 Qxb2 23. Qxb2 Rxb2 24.
Kc3 {when White remains in control. The exchange sacrifice} Rxc2+ {does not
work because of} 25. Kxc2 Rxd4 26. Kc3 Rxf4 27. Rhf1 {and White has every
chance to win this.}) 21. Bc4 cxd4 $1) 19... a5 $1 {Marin: 'Just in time. The
bishop will not enjoy the desired stability on a6 any more. Needless to say,
White is not interested in "winning" the a-pawn because this would open lines
for Black's attack.'} 20. Kb1 (20. Qxa5 $2 d4 21. Bf2 Ra8 22. Qb4 Qxa2 $17)
20... a4 21. Bd3 (21. Qa5 d4 (21... Nf5 22. Bf2 Ra8 23. Qxc7) 22. Bd2 Bf5 23.
Qxa4 Ra8 24. Qb3 d3 25. Qxe6 dxc2+ 26. Kc1 fxe6 27. Bc4 Ng4 $13) 21... Bf5 22.
Rc1 $6 {Grischuk has displayed a perfect plan of exploiting the blockade of
the e5-f4 pawn chain with the help of queenside activity. White has now
underestimated the impact of play with the bad bishop against the knight.} ({
Marin: Too optimistic. As a compensation for the exchange of the light-squared
bishops, White hopes to get pressure along the c-file, but Black counterplay
will prove much stronger. It would have been wiser to play} 22. Be2 {Marin:
'although Black can more or les force a draw in this case with the perpetual
pursuit starting with'} Ng4 (22... Bg4 {Marin}) 23. Bd4 Be4 $11) 22... Bxd3 23.
cxd3 Nf5 24. Bf2 {Marin: 'From strategic point of view, this is a complete
triumph for Black. However, he still needs to work out some tactical details.'}
(24. Bd2 Qg6 25. Qxc6 Qxg2 $17) 24... Rb5 $1 25. Qxc6 $2 (25. Qa3 Rdb8 26. Rc2
Rb4 27. g3 d4 $15) 25... Rdb8 $1 26. Qxe6 (26. b3 axb3 27. a4 Rb4 28. Qxe6 fxe6
29. Rxc7 Rxa4 $17) 26... Rxb2+ 27. Ka1 fxe6 {[%mdl 4096] Such a twist of fate
must have been shocking for Rublevsky, Black has all the trumps in his hands.}
28. Rb1 (28. Ba7 R8b7 29. Rc6 a3 30. Bc5 Rc2 31. Rb1 Nd4 $1 32. Bxd4 (32. Rxb7
Rc1+ 33. Rb1 Nc2#) 32... Rxb1+ 33. Kxb1 Rxc6 $19) 28... a3 $1 {Marin: 'In case
of general exchanges on b1, White would soon have captured the a4-pawn,
creating a very dangerous queenside passer.'} 29. Bc5 (29. Rxb2 Rxb2 30. Rf1 d4
$19) 29... Nxh4 $1 {Do not believe, that knight has no chance in the battle
with the bishop. Grischuk leaps about with his steed with visible gusto.} 30.
Rxb2 (30. Rbg1 Nf5 31. Rxh5 Ng3 32. Bxa3 Rd2 33. Rh2 Ne2 34. g4 Ra8 35. Bb2 Nc3
$19) (30. Bxa3 Rxb1+ 31. Rxb1 Rxb1+ 32. Kxb1 Nxg2 33. Bc1 h4 34. a4 h3 35. a5
h2 36. a6 h1=Q 37. a7 Nxf4 38. a8=Q+ Kh7 $19) 30... axb2+ 31. Kb1 Nxg2 32. f5
$5 {Desperate and at the same time spirited idea in order to complicate
matters.} (32. Rxh5 Nxf4 33. Rh2 Nxd3 34. Bd4 c5 $19) 32... Nf4 33. fxe6 Nxd3
34. Ba3 Nxe5 {Marin: 'My first thought in this position was: "Even I would win
this!" The rest of the moves were played by inertia.'} 35. Kc2 Nc4 36. Bc5 Nd2
$1 {The knight has fullfilled its mission in a charming way and the b-pawn
will promote.} 37. a4 b1=Q+ 38. Rxb1 Nxb1 39. a5 Rb5 0-1

[Event "FIDE-Wch k.o."]
[Site "Moscow"]
[Date "2001.12.01"]
[Round "3.1"]
[White "Svidler, Peter"]
[Black "Milov, Vadim"]
[Result "1-0"]
[WhiteElo "2686"]
[BlackElo "2602"]
[Annotator "Ftacnik,L"]
[PlyCount "57"]
[EventDate "2001.11.27"]
[EventType "k.o."]
[EventRounds "7"]
[EventCountry "RUS"]
[SourceTitle "CBM 086"]
[Source "ChessBase"]
[SourceDate "2002.02.05"]
[SourceVersion "1"]
[SourceVersionDate "2002.02.05"]
[SourceQuality "1"]

1. e4 e5 2. Nf3 Nc6 3. d4 exd4 4. Nxd4 Bc5 5. Nxc6 Qf6 6. Qd2 bxc6 7. Bd3 Ne7
8. Nc3 d6 9. O-O Bb6 (9... O-O 10. e5 $1 Qe6 11. exd6 Qxd6 12. Ne4 Qd5 13. Qg5
Qxg5 14. Bxg5 h6 15. Bxh6 Bxf2+ 16. Rxf2 gxh6 17. Nf6+ Kh8 18. Nh7 Re8 19. Rxf7
h5 20. Nf6 {1-0 Ciganikova,A-Quinn,D/Pula 1997/ (20)}) 10. Kh1 Qh4 11. f4 f5
12. b3 $5 {[%mdl 4] The clever development of the dark squared bishop, the
games are clearly indicating problems for black in the struggle for equality.}
fxe4 (12... O-O 13. Bb2 (13. Bc4+ Kh8 14. e5 d5 15. Bd3 Ba5 16. Ba3 d4 17. Bxe7
Qxe7 18. Nd5 Bxd2 19. Nxe7 Bd7 $11) 13... Be6 14. Rae1 $14) 13. Nxe4 O-O 14.
Bb2 (14. Ng5 Bf5 15. Bb2 Bxd3 16. Qxd3 Rae8 17. g3 Qh6 18. Rae1 $14) 14... Bg4
$6 (14... Nf5 15. Rf3 $14) (14... Bf5) 15. Ng5 Nf5 16. Bxf5 $1 {The bishop's
pair is less important than the safety of a white king and possibility to
benefit from the pressure along the a1-h8 diagonal.} Rxf5 (16... Bxf5 17. Qc3
Qh6 18. Qxc6 $16) 17. Qc3 Qh6 18. Rae1 (18. Qxc6 Raf8 19. Qc4+ d5 20. Qd3 c6
21. Rae1 $16) 18... Raf8 (18... Rc5 $2 19. Qg3 Rxc2 20. Qxg4 Rxb2 21. Re6 g6
22. Re7 $18) 19. h3 Be2 (19... Bh5 20. Ne6 R8f6 (20... R8f7 21. Qxc6 $18) 21.
Qc4 Bf7 22. Bxf6 Rxf6 23. f5 $18) 20. Rxe2 Rxg5 21. Re7 (21. Qxc6 Rgf5 22. Re7
R5f7 23. Qc4 Qh5 $16) 21... d5 (21... c5 $2 22. fxg5 $1 Rxf1+ 23. Kh2 $18) 22.
Rfe1 Rg6 (22... Rxf4 23. Re8+ Kf7 (23... Rf8 24. Rxf8+ Kxf8 25. Qf3+ Kg8 26.
Re8#) 24. Bc1 $18) 23. R1e6 $1 {White pieces are clearly triumphant in the
fight for the control in the position.} Rgf6 (23... Rxe6 24. Rxg7+ Kh8 25. Rg6+
d4 26. Qxd4+ Bxd4 27. Bxd4+ Qg7 28. Bxg7+ Kg8 29. Rxe6 Kxg7 30. Rxc6 $18) 24.
Rxf6 (24. Qxc6 Rxe6 25. Qxe6+ Qxe6 26. Rxg7+ Kh8 27. Rg6+ d4 28. Rxe6 Rxf4 $16)
24... Rxf6 (24... gxf6 25. Qxc6 Qxf4 26. Qxd5+ Kh8 27. Qd3 $18) (24... Qxf6 25.
Rxg7+ Kxg7 26. Qg3+ $18) 25. Qe5 d4 $2 (25... Bc5 26. Rxc7 Bd6 27. Rc8+ (27.
Rxg7+ Qxg7 28. Qxf6 Qxf6 29. Bxf6 Bxf4 30. g4 $16) 27... Rf8 (27... Bf8 28. f5
a6 29. Ba3 $18) 28. Rxf8+ Bxf8 29. a4 $16) 26. Ba3 $1 Qh4 27. Re8+ Kf7 28. Rf8+
Kg6 29. f5+ 1-0

[Event "Donner Memorial-A"]
[Site "Amsterdam"]
[Date "1994.??.??"]
[Round "4"]
[White "Lautier, Joel"]
[Black "Van der Sterren, Paul"]
[Result "1/2-1/2"]
[WhiteElo "2645"]
[BlackElo "2605"]
[Annotator "Ftacnik,L"]
[PlyCount "66"]
[EventDate "1994.08.??"]
[EventType "tourn"]
[EventRounds "9"]
[EventCountry "NED"]
[EventCategory "15"]
[SourceTitle "CBM 043"]
[Source "ChessBase"]
[SourceDate "1994.12.01"]
[SourceVersion "1"]
[SourceVersionDate "1994.12.01"]
[SourceQuality "1"]

1. e4 e5 2. Nf3 Nc6 3. d4 exd4 4. Nxd4 Bc5 5. Be3 Qf6 6. c3 Nge7 7. Bc4 Ne5 8.
Be2 d6 9. O-O Qg6 10. Kh1 (10. Nd2 Bh3 $1 11. Bf3 $8) 10... Qxe4 11. Nd2 Qg6
12. Nb5 O-O (12... Bxe3 13. Nxc7+ Kd8 14. Nxa8 $16) 13. Nxc7 Rb8 14. Bf4 Bf5 $1
15. Nb3 (15. Bh5 Qf6 16. Nf3 Be4 $1 $15) 15... Bb6 16. Nb5 Rbd8 17. Qd2 N7c6
18. Be3 Bxe3 19. Qxe3 Rfe8 20. Qd2 (20. Nxa7 $2 Nd7 $1 $19) 20... d5 21. Rae1
Nc4 22. Qc1 Be4 $1 23. f3 Bf5 {xe3} 24. Bxc4 dxc4 25. N3d4 Nxd4 26. Nxd4 Bd3
$10 27. Rxe8+ (27. Rg1 h6) 27... Rxe8 28. Re1 Rxe1+ 29. Qxe1 h6 30. Qe8+ Kh7
31. Qb5 Qf6 32. Qxb7 Qg5 $1 33. h3 $8 Qc1+ (33... Qc1+ 34. Kh2 Qf4+ 35. Kh1
Qc1+ $10) 1/2-1/2